Imperfect creatures

Titel: Imperfect creatures : vermin, literature, and the sciences of life, 1600-1740 / Lucinda Cole
Verfasser:
Veröffentlicht: Ann Arbor : University of Michigan Press, 2016
Umfang: 1 Online-Ressource
Format: E-Book
Sprache: Englisch
RVK-Notation:
Schlagworte:
ISBN: 9780472121557 ; 0472121553 ; 0472072951 ; 9780472072958 ; 0472052950 ; 9780472052950 ; 9780472900633 ; 0472900633 ; 9780472072958 ; 9780472052950 ; 9780472072958
Buchumschlag
X
alg: 41649333
001A    $06055:12-09-17 
001B    $06055:13-03-26 $t19:17:51.000 
001D    $06055:12-09-17 
001U    $0utf8 
001X    $00 
002@    $0Oax 
002C    $aText $btxt $2rdacontent 
002D    $aComputermedien $bc $2rdamedia 
002E    $aOnline-Ressource $bcr $2rdacarrier 
003@    $0416493335 
004A    $A978-0-472-12155-7 
004A    $00-472-12155-3 
004A    $00-472-07295-1 
004A    $A978-0-472-07295-8 
004A    $00-472-05295-0 
004A    $A978-0-472-05295-0 
004A    $A978-0-472-90063-3 
004A    $00-472-90063-3 
004O    $A978-0-472-07295-8 $Sp 
004O    $A978-0-472-05295-0 $Sp 
004O    $A978-0-472-07295-8 $Sp 
006C    $0941997489 $aOCoLC 
007A    $0416493335 $aHEB 
007I    $0JBK-10.2307/j.ctt1gk0873 
009Q    $S0 $uhttp://www.jstor.org/stable/10.2307/j.ctt1gk0873 $xH 
010@    $aeng 
011@    $a2016 
017B    $aZDB-39-JOA 
021A    $aImperfect creatures $dvermin, literature, and the sciences of life, 1600-1740 $hLucinda Cole 
028A    $BVerfasser $4aut $D20220215 $Ecgwrk $71099119928 $8Cole, Lucinda [Tp3] $9379206021 
033A    $pAnn Arbor $nUniversity of Michigan Press 
033E    $pNew York $nJSTOR 
034D    $a1 Online-Ressource 
037A    $aIncludes bibliographical references and index 
044A    $aScience in literature $S#0 $N650 
044A    $aLiterature and science $S#0 $xHistory $y17th century $N650 
044A    $aLiterature and science $S#0 $xHistory $y18th century $N650 
044A    $aPests in literature $S#0 $N650 
044A    $aBIOGRAPHY & AUTOBIOGRAPHY $2bisacsh $S#7 $xLiterary $N650 
044A    $aNATURE $2bisacsh $S#7 $xAnimals $xGeneral $N650 
044A    $aLiterature and science $2fast $S#7 $N650 
044A    $aPests in literature $2fast $S#7 $N650 
044A    $aScience in literature $2fast $S#7 $N650 
044A    $aHistory $2fast $S#7 $N655 
044K    $RNordseegermanische Sprachen $#English language $#Anglais (langue) $#Britisches Englisch $#Englische Sprache $D20251120 $Ecgmnf $74014777-0 $8Englisch [Tsz] $9085033405 
044K    $RBuch $RSchriftsteller $#Literature $#Littérature $#Letteratura $#Literatura $#literature $#Literature $#Literatur $#Literatur $#Belletristik $#Dichtung Literatur $#Schöne Literatur $#Sprachkunst $#Wortkunst $D20251120 $Ecgmnf $74035964-5 $8Literatur [Tsz] $9085097128 
044K    $RSchädling $D20251120 $Ecgmnf $74186879-1 $8Ungeziefer [Ts1] $9085914452 
044K    $#Girard, René Noël Théophile $#Žurar, Rene $D20251120 $Ecgmnf $7118539507 $8Girard, René$Z1923-2015 [Tp1] $9086880535 
044K    $RMotiv $D20251120 $Ecgmnf $71101498900 $8Ungeziefer$gMotiv [Ts1] $9380855356 
044K    $RMotiv $D20251120 $Ecgmnf $71101498943 $8Würmer$gMotiv [Ts1] $9380855380 
045B    $a809.93362 $eDDC23eng 
045B    $a820.9003 $eDDC23eng 
045E    $c500 $c600 $c800 $c940 
045Z    $D20251120 $Ecgmnf $8HK 1091 [Tkv] $9408647744 
045Z    $D20251120 $Ecgmnf $8HK 1031 [Tkv] $9408647574 
047A    $aSacherschließung maschinell aus paralleler Ausg. übernommen 

lok: 41649333 3

exp: 41649333 3 1 #EPN
201B/01 $013-09-17 $t00:04:38.610 
201U/01 $0utf8 
203@/01 $01007354127 
208@/01 $a12-09-17 $bl 
209S/01 $S0 $uhttp://www.jstor.org/stable/10.2307/j.ctt1gk0873 $XH 

lok: 41649333 5

exp: 41649333 5 1 #EPN
201B/01 $009-01-18 $t22:55:16.209 
201U/01 $0utf8 
203@/01 $01014885353 
208@/01 $a09-01-18 $bl 
209S/01 $S0 $uhttp://www.jstor.org/stable/10.2307/j.ctt1gk0873 $XH 

lok: 41649333 8

exp: 41649333 8 1 #EPN
201B/01 $013-09-17 $t00:04:38.617 
201U/01 $0utf8 
203@/01 $01007354135 
208@/01 $a12-09-17 $bl 
209S/01 $S0 $uhttp://www.jstor.org/stable/10.2307/j.ctt1gk0873 $XH 

lok: 41649333 10

exp: 41649333 10 1 #EPN
201B/01 $013-09-17 $t00:04:38.622 
201U/01 $0utf8 
203@/01 $01007354143 
208@/01 $a12-09-17 $bl 
209S/01 $S0 $uhttp://www.jstor.org/stable/10.2307/j.ctt1gk0873 $XH 

lok: 41649333 11

exp: 41649333 11 1 #EPN
201B/01 $009-01-18 $t22:55:16.213 
201U/01 $0utf8 
203@/01 $01014885361 
208@/01 $a09-01-18 $bl 
209S/01 $S0 $uhttp://www.jstor.org/stable/10.2307/j.ctt1gk0873 $XH 

lok: 41649333 13

exp: 41649333 13 1 #EPN
201B/01 $009-01-18 $t22:55:16.215 
201U/01 $0utf8 
203@/01 $0101488537X 
208@/01 $a09-01-18 $bl 
209S/01 $S0 $uhttp://www.jstor.org/stable/10.2307/j.ctt1gk0873 $XH 

lok: 41649333 20

exp: 41649333 20 1 #EPN
201B/01 $013-09-17 $t00:04:38.628 
201U/01 $0utf8 
203@/01 $01007354151 
208@/01 $a12-09-17 $bl 
209S/01 $S0 $uhttp://www.jstor.org/stable/10.2307/j.ctt1gk0873 $XH 

lok: 41649333 21

exp: 41649333 21 1 #EPN
201B/01 $013-09-17 $t00:04:38.640 
201U/01 $0utf8 
203@/01 $0100735416X 
208@/01 $a12-09-17 $bl 
209S/01 $S0 $uhttp://www.jstor.org/stable/10.2307/j.ctt1gk0873 $XH 

lok: 41649333 23

exp: 41649333 23 1 #EPN
201B/01 $013-09-17 $t00:04:38.645 
201U/01 $0utf8 
203@/01 $01007354178 
208@/01 $a12-09-17 $bl 
209S/01 $S0 $uhttp://www.jstor.org/stable/10.2307/j.ctt1gk0873 $XH 

lok: 41649333 24

exp: 41649333 24 1 #EPN
201B/01 $009-01-18 $t22:55:16.218 
201U/01 $0utf8 
203@/01 $01014885388 
208@/01 $a09-01-18 $bl 
209S/01 $S0 $uhttp://www.jstor.org/stable/10.2307/j.ctt1gk0873 $XH 

lok: 41649333 25

exp: 41649333 25 1 #EPN
201B/01 $013-09-17 $t00:04:38.649 
201U/01 $0utf8 
203@/01 $01007354186 
208@/01 $a12-09-17 $bl 
209S/01 $S0 $uhttp://www.jstor.org/stable/10.2307/j.ctt1gk0873 $XH 

lok: 41649333 36

exp: 41649333 36 1 #EPN
201B/01 $005-11-22 $t02:05:02.603 
201C/01 $005-11-22 
201U/01 $0utf8 
203@/01 $01218020806 
208@/01 $a05-11-22 $bl 
209S/01 $S0 $uhttp://www.jstor.org/stable/10.2307/j.ctt1gk0873 $XH 

lok: 41649333 49

exp: 41649333 49 1 #EPN
201B/01 $009-01-18 $t22:55:16.224 
201U/01 $0utf8 
203@/01 $0101488540X 
208@/01 $a09-01-18 $bl 
209S/01 $S0 $uhttp://www.jstor.org/stable/10.2307/j.ctt1gk0873 $XH 

lok: 41649333 51

exp: 41649333 51 1 #EPN
201B/01 $009-01-18 $t22:55:16.229 
201U/01 $0utf8 
203@/01 $01014885426 
208@/01 $a09-01-18 $bl 
209S/01 $S0 $uhttp://www.jstor.org/stable/10.2307/j.ctt1gk0873 $XH 

lok: 41649333 54

exp: 41649333 54 1 #EPN
201B/01 $022-05-20 $t16:50:54.240 
201C/01 $022-05-20 
201U/01 $0utf8 
203@/01 $01107612454 
208@/01 $a22-05-20 $bl 
209S/01 $S0 $uhttp://www.jstor.org/stable/10.2307/j.ctt1gk0873 $XH 

lok: 41649333 74

exp: 41649333 74 1 #EPN
201B/01 $013-10-24 $t02:23:10.733 
201C/01 $013-10-24 
201U/01 $0utf8 
203@/01 $01277795428 
208@/01 $a13-10-24 $bl 
209S/01 $S0 $uhttp://www.jstor.org/stable/10.2307/j.ctt1gk0873 $XH 

lok: 41649333 75

exp: 41649333 75 1 #EPN
201B/01 $009-01-18 $t22:55:16.240 
201U/01 $0utf8 
203@/01 $01014885450 
208@/01 $a09-01-18 $bl 
209S/01 $S0 $uhttp://www.jstor.org/stable/10.2307/j.ctt1gk0873 $XH 

lok: 41649333 107

exp: 41649333 107 1 #EPN
201B/01 $022-05-20 $t16:50:54.262 
201C/01 $022-05-20 
201U/01 $0utf8 
203@/01 $01107612462 
208@/01 $a22-05-20 $bl 
209S/01 $S0 $uhttp://www.jstor.org/stable/10.2307/j.ctt1gk0873 $XH 

lok: 41649333 108

exp: 41649333 108 1 #EPN
201B/01 $022-05-20 $t16:50:54.265 
201C/01 $022-05-20 
201U/01 $0utf8 
203@/01 $01107612470 
208@/01 $a22-05-20 $bl 
209S/01 $S0 $uhttp://www.jstor.org/stable/10.2307/j.ctt1gk0873 $XH 

lok: 41649333 204

exp: 41649333 204 1 #EPN
201B/01 $013-09-17 $t00:04:38.654 
201U/01 $0utf8 
203@/01 $01007354194 
208@/01 $a12-09-17 $bl 
209S/01 $S0 $uhttp://www.jstor.org/stable/10.2307/j.ctt1gk0873 $XH 

lok: 41649333 205

exp: 41649333 205 1 #EPN
201B/01 $013-09-17 $t00:04:38.662 
201U/01 $0utf8 
203@/01 $01007354208 
208@/01 $a12-09-17 $bl 
209S/01 $S0 $uhttp://www.jstor.org/stable/10.2307/j.ctt1gk0873 $XH
LEADER 00000cam a22000002c 4500
001 416493335
003 DE-603
005 20260313191751.0
007 cr||||||||||||
008 170912s2016 xx |||| o| u00||u|eng c
020 |a 9780472121557 
020 |a 0472121553 
020 |a 0472072951 
020 |a 9780472072958 
020 |a 0472052950 
020 |a 9780472052950 
020 |a 9780472900633 
020 |a 0472900633 
035 |a (DE-599)HEB416493335 
040 |a DE-603  |b ger  |c DE-603  |d DE-603 
041 |a eng 
082 7 |a 809.93362  |2 23/eng 
083 7 |a 820.9003  |2 23/eng 
084 |a 500  |a 600  |a 800  |a 940  |q DE-101  |2 sdnb 
084 |a HK 1091  |0 (DE-625)50110:  |0 (DE-603)408647744  |2 rvk 
084 |a HK 1031  |0 (DE-625)50093:  |0 (DE-603)408647574  |2 rvk 
100 1 |a Cole, Lucinda  |e Verfasser  |4 aut  |0 (DE-603)379206021  |0 (DE-588)1099119928  |2 gnd 
245 0 0 |a Imperfect creatures  |b vermin, literature, and the sciences of life, 1600-1740  |c Lucinda Cole 
264 1 |a Ann Arbor  |b University of Michigan Press  |c 2016 
264 2 |a New York  |b JSTOR 
300 |a 1 Online-Ressource 
336 |a Text  |b txt  |2 rdacontent 
337 |a Computermedien  |b c  |2 rdamedia 
338 |a Online-Ressource  |b cr  |2 rdacarrier 
500 |a Includes bibliographical references and index 
600 1 7 |a Girard, René  |d 1923-2015  |0 (DE-588)118539507  |0 (DE-603)086880535  |2 gnd 
650 7 |a Englisch  |0 (DE-588)4014777-0  |0 (DE-603)085033405  |2 gnd 
650 7 |a Literatur  |0 (DE-588)4035964-5  |0 (DE-603)085097128  |2 gnd 
650 7 |a Ungeziefer  |0 (DE-588)4186879-1  |0 (DE-603)085914452  |2 gnd 
650 7 |a Ungeziefer  |g Motiv  |0 (DE-588)1101498900  |0 (DE-603)380855356  |2 gnd 
650 7 |a Würmer  |g Motiv  |0 (DE-588)1101498943  |0 (DE-603)380855380  |2 gnd 
776 1 |z 9780472072958 
776 1 |z 9780472052950 
776 1 |z 9780472072958 
856 |u http://www.jstor.org/stable/10.2307/j.ctt1gk0873  |x Verlag  |z kostenfrei 
912 |a ZDB-39-JOA 
924 1 |9 603  |a (DE-603)1007354127  |b DE-603  |c HES  |d d 
924 1 |9 603  |a (DE-603)1014885353  |b DE-603  |c HES  |d d 
924 1 |9 603  |a (DE-603)1007354135  |b DE-603  |c HES  |d d 
924 1 |9 603  |a (DE-603)1007354143  |b DE-603  |c HES  |d d 
924 1 |9 603  |a (DE-603)1014885361  |b DE-603  |c HES  |d d 
924 1 |9 603  |a (DE-603)101488537X  |b DE-603  |c HES  |d d 
924 1 |9 603  |a (DE-603)1007354151  |b DE-603  |c HES  |d d 
924 1 |9 603  |a (DE-603)100735416X  |b DE-603  |c HES  |d d 
924 1 |9 603  |a (DE-603)1007354178  |b DE-603  |c HES  |d d 
924 1 |9 603  |a (DE-603)1014885388  |b DE-603  |c HES  |d d 
924 1 |9 603  |a (DE-603)1007354186  |b DE-603  |c HES  |d d 
924 1 |9 603  |a (DE-603)1218020806  |b DE-603  |c HES  |d d 
924 1 |9 603  |a (DE-603)101488540X  |b DE-603  |c HES  |d d 
924 1 |9 603  |a (DE-603)1014885426  |b DE-603  |c HES  |d d 
924 1 |9 603  |a (DE-603)1107612454  |b DE-603  |c HES  |d d 
924 1 |9 603  |a (DE-603)1277795428  |b DE-603  |c HES  |d d 
924 1 |9 603  |a (DE-603)1014885450  |b DE-603  |c HES  |d d 
924 1 |9 603  |a (DE-603)1107612462  |b DE-603  |c HES  |d d 
924 1 |9 603  |a (DE-603)1107612470  |b DE-603  |c HES  |d d 
924 1 |9 603  |a (DE-603)1007354194  |b DE-603  |c HES  |d d 
924 1 |9 603  |a (DE-603)1007354208  |b DE-603  |c HES  |d d